000
00258nam a2200097Ia 4500
082
_a
515 STEW
245
0
_a
Multivariable calculus
100
_a
STEWART, James London, 2009 6th ed
_9
76369
942
_c
BK
008
210817s9999 xx 000 0 und d
999
_c
253873
_d
253872